000 01113cadsa22002415a 4500
001 L147218
008 090416s2009 xxkad f s 000 0 eng d
035 _a(Sirsi) u147218
041 0 _aeng
050 0 4 _a333.33 $2 18
110 2 _aNAI Global
_95315
245 0 0 _aInternational property guide 2009
_h[electronic resource]
260 _aPrinceton
_bNAI Global
_c2009
490 0 _aNAI Global International Property Guide
_v2009
520 _aPresents tables showing international real estate data on acquisition costs, tenant costs and information on landlord and tenant leasing arrangements. Tables show summary data on landlord and tenant rent review arrangements, repairs and maintenance and who is responsible for the insurance. Includes a country by country and region by region breakdown.
521 _aAdvanced
590 _aKA NTK
650 2 4 _aNAI GLOBAL INTERNATIONAL PROPERTY GUIDE
651 4 _aInternational
690 _aPROPERTY-COMMERCIAL PROPERTY-COMMERCIAL PROPERTY MARKET
856 4 0 _uhttps://www.naiglobal.com/
_zView the item free of charge at www.naiglobal.com...
942 _n0
999 _c109481
_d109481